LEADER 01019nam a22002651i 4500 001 991002010299707536 005 20040330151813.0 008 040407s1928 it |||||||||||||||||fre 035 $ab12857129-39ule_inst 035 $aARCHE-083674$9ExL 040 $aDip.to Scienze Storiche$bita$cA.t.i. Arché s.c.r.l. Pandora Sicilia s.r.l. 082 04$a730.945 100 1 $aMariani, Valerio$024629 245 13$aLa fontaine de Trevi /$cValerio Mariani 260 $a[Milano ;$aRoma :$bAssociazione internazionale del turismo,$c1928] 300 $a1 v. ;$c25 cm 500 $aEstr. da : Les hirondelles, n. 10(1928) 650 4$aScultura italiana 651 4$aRoma$xFontana di Trevi$xGuide 907 $a.b12857129$b02-04-14$c16-04-04 912 $a991002010299707536 945 $aLE009 ARTE MISC. 29/22 (Fondo Bottari)$g1$iLE009-3504/22$lle009$o-$pE0.00$q-$rn$so $t0$u0$v0$w0$x0$y.i1341723x$z16-04-04 996 $aFontaine de Trevi$9303086 997 $aUNISALENTO 998 $ale009$b16-04-04$cm$da $e-$ffre$git $h3$i1